Top 15 Most visited Countries - Statistics

General Stats
  • This quiz has been taken 60 times
  • The average score is 12 of 15
Answer Stats
Millions of tourists Country % Correct
79.4 France
100%
49.8 Italy
98%
31.2 United Kingdom
98%
50.9 United States Of America
98%
38.3 Mexico
96%
71.7 Spain
96%
28.5 Germany
95%
22.6 Canada
91%
27.8 Greece
79%
24.9 Portugal
77%
50.5 Turkey
77%
15.7 Netherlands
71%
26.2 Austria
59%
16.7 United Arab Emirates
55%
17.5 Saudi Arabia
39%
No matching quizzes found
Score Distribution
Percent of People with Each Score
Percentile by Number Answered
Your Score History
You have not taken this quiz